000 00305nam a22001217a 4500
008 180522b xxu||||| |||| 00| 0 eng d
041 _aeng
080 _a043.3
100 _a0
101 _aMK-BA
245 _aE Verteta dhe Vertetesia ne Portalet "Online" (Gazeta Express)
_cShukriu, A
942 _2udc
_cBK
999 _c46159
_d46159